UM Logo

Causes of stress and academic performance of BSA students/ (Record no. 13896)

MARC details
000 -LEADER
fixed length control field 00655nam a22001697a 4500
008 - FIXED-LENGTH DATA ELEMENTS--GENERAL INFORMATION
fixed length control field 190509b ||||| |||| 00| 0 eng d
082 ## - DEWEY DECIMAL CLASSIFICATION NUMBER
Edition number 2019
Classification number UT 1282
Item number B22
100 ## - MAIN ENTRY--PERSONAL NAME
Personal name Barbadillo, Laurencio Jr. C.
9 (RLIN) 38692
245 ## - TITLE STATEMENT
Title Causes of stress and academic performance of BSA students/
Statement of responsibility, etc. Laurencio Jr. C. Barbadillo, Monde Maurence P. Flores and Ara Jean S. Castro
260 ## - PUBLICATION, DISTRIBUTION, ETC. (IMPRINT)
Place of publication, distribution, etc. Digos City.
Name of publisher, distributor, etc. UMDC
Date of publication, distribution, etc. January 2019
300 ## - PHYSICAL DESCRIPTION
Extent 60 pages.
Dimensions 30 cm.
650 ## - SUBJECT ADDED ENTRY--TOPICAL TERM
Topical term or geographic name as entry element Accountancy
Form subdivision Undergraduate thesis.
9 (RLIN) 38693
700 ## - ADDED ENTRY--PERSONAL NAME
Personal name Barbadillo, Laurencio Jr. C.
9 (RLIN) 38692
700 ## - ADDED ENTRY--PERSONAL NAME
Personal name Flores, Monde Maurene P.
9 (RLIN) 38694
700 ## - ADDED ENTRY--PERSONAL NAME
Personal name Castro, Ara Jean S.
9 (RLIN) 38695
942 ## - ADDED ENTRY ELEMENTS (KOHA)
Source of classification or shelving scheme Dewey Decimal Classification
Koha item type Undergraduate Thesis
Holdings
Withdrawn status Lost status Source of classification or shelving scheme Damaged status Not for loan Collection code Home library Current library Date acquired Total Checkouts Full call number Barcode Date last seen Price effective from Koha item type
    Dewey Decimal Classification     Undergraduate Theses UM Digos College - LIC UM Digos College - LIC 04/23/2019   UT 1282 B22 UT 1282 05/09/2019 05/09/2019 Undergraduate Thesis